=LDR 00000nam 2200000 4500 =001 INLIS000000000047205 =005 20200812015213 =035 ##$$a 0010-091500000000035 =008 200812################g##########0#ind## =020 ##$$a 978-979-1429-40-5 =082 ##$$a 2x9.8 =100 1#$$a Tamam, =245 1#$$a Kisah teladan wanita wanita mulia /$c M.B. Tamam =260 ##$$a Surabaya :$b Amelia,$c 2008 =300 ##$$a 192 lm ; $c 14x21 cm =850 ##$$aNBPNMAT =084 ##$$a 2x9.8 TAM k =250 ##$$a cet.1 =650 #4$$a Biografi Islam =990 ##$$a 0001/BPAP-NTB/2015 =990 ##$$a 01201802807 =990 ##$$a 21001689 =990 ##$$a 01201802807 =990 ##$$a 00092605 =990 ##$$a 21001689 =990 ##$$a 21001692 =990 ##$$a 21001689 =990 ##$$a 00092605